| 000 | 00637nam a22001577a 4500 | ||
|---|---|---|---|
| 005 | 20250811114845.0 | ||
| 008 | 250811b |||||||| |||| 00| 0 eng d | ||
| 050 |
_aTHE LC 67.68 .T34 N93 2020 _bC.1 |
||
| 100 | _aNyanda, Lucy Fortunatas | ||
| 245 | _aChallenges Facing Non-Governmental Organisations in Promotion of Quality Education in Primary Schools in Musoma District, Tanzania | ||
| 260 |
_aKisii _bKisii University _c2020 |
||
| 300 | _axiii, 87p.:ill. | ||
| 500 | _aIncludes bibliographical references | ||
| 650 | _a1. Education - Tanzania - Finance and policy. 2. Non-governmental organizations - Tanzania. | ||
| 942 |
_2lcc _cREF |
||
| 999 |
_c216011 _d216011 |
||